000
00240nam a2200109Ia 4500
008
190216s9999||||xx |||||||||||||| ||und||
100
_a
Kesavadev P
245
0
_a
From The Gutter
260
_b
Nbs Kottayam
650
_a
English
942
_c
BK
999
_c
12988
_d
12988